[Event "FRA-chT3 0405"]
[Site "France"]
[Date "2005.04.02"]
[Round "8"]
[White "Desurmont, Sylvain"]
[Black "Legay, Pascal"]
[Result "1-0"]
[WhiteElo "1970"]
[BlackElo "1490"]
[PlyCount "75"]
[EventDate "2004.10.10"]
[EventType "team-tourn"]
[EventRounds "9"]
[EventCountry "FRA"]
[SourceTitle "EXT 2007"]
[Source "ChessBase"]
[SourceDate "2006.11.23"]
[SourceVersion "1"]
[SourceVersionDate "2006.11.23"]
[SourceQuality "1"]

1. d4 d5 2. e3 Nf6 3. Bd3 Bg4 4. f3 Bh5 5. Ne2 e6 6. Nd2 Bd6 7. 0-0 c5 8. c3 c4 9. Bb1 Bg6 10. e4 dxe4 11. fxe4 Nxe4 12. Nxc4 Bxh2+ 13. Kxh2 Qc7+ 14. Ne5 f6 15. Bf4 fxe5 16. Bxe5 Qd7 17. Rf4 Nc6 18. Bxe4 Bxe4 19. Rxe4 0-0 20. Bg3 Rf5 21. Nf4 Re8 22. Qe2 e5 23. Nd3 Rd8 24. Nxe5 Nxe5 25. Rxe5 Rxe5 26. Bxe5 Rf8 27. Rf1 Rxf1 28. Qxf1 Qe6 29. Qf3 Qh6+ 30. Qh3 Qxh3+ 31. Kxh3 b5 32. Kg4 Kf7 33. Kf5 g6+ 34. Ke4 Ke6 35. d5+ Kd7 36. Bb8 a6 37. Ke5 h5 38. Kf6 1-0